000 00881nam a22002777a 4500
001 0074
003 DO-SdBPM
005 20250709102253.0
007 ta
008 151207b1965 ag |||| 00| 0 spa d
040 _aDO-SdBPM
_bspa
_cBPMSU
_erda
082 4 _a372.61
_bM266g 1965
_222
100 1 _aManacorda Rosetti, Mabel V.
_eautor
245 1 3 _aLa gramática estructural en la escuela primaria /
_cMabel V. Manacorda de Rosetti
264 _aBuenos Aires :
_bKapelusz,
_c1965.
300 _a129 págians :
_c20 cm.
336 _atexto
_btxt
_2rdacontent
337 _asin mediación
_bn
_2rdamedia
338 _avolumen
_bnc
_2rdacarrier
490 0 _aPedagogía práctica
590 _aInventariado, 2025/VM
650 7 _aEspañol
_xGramática
_xEstudio y enseñanza.
830 0 0 _apedagogía práctica
910 _aVMateo V. Control de calidad. BPMSUb
942 _2ddc
_cBK
999 _c9036
_d9036